000 00432pab a2200169 454500
008 180718b2013 xxu||||| |||| 00| 0 eng d
100 _aKushwaha, Tarun
245 _aFactors affecting selection of multiplexes: An empirical study of consumer insights
260 _c2013
300 _ap.51-62.
362 _aJul-Sep
650 _aConsumers
700 _aDubey, Rishi
773 _aAbhigyan
908 _aN
909 _a101428
999 _c101426
_d101426